000 00254nam a2200109Ia 4500
008 231212s1983 xx 000 0 und d
041 _aeng
082 _a660.283
100 _aNakhra B.C.
245 _aInstrumentation
260 _aNew Delhi
_bButter
_c1983
999 _c959128
_d959128